Национальная политика Российской Федерации 1925-1938 гг.

Bibliographic Details
Main Author: Чеботарева В. Г. Валентина Георгиевна
Corporate Authors: Москва Комитет межрегиональных связей и национальной политики, Московский дом национальностей (МДН), Общественная академия наук российских немцев
Summary:В монографии доктора ист. наук, проф. В.Г. Чеботаревой на основе документов Государственного архива Российской Федерации, Российского архива социально-политической истории характеризуется деятельность ЦИК СССР, ВЦИК, Политбюро ЦК и обкомов ВКП(б) по реализации государственной национальной политики в Дагестанской, Татарской, Якутской и др. автономных республиках РФ. Особое внимание уделено немецкому народу Федерации: показаны проблемы и пути их решения в Республике немцев Поволжья, колониях Сибири, Крыма, Северного Кавказа, Центральной Азии. Документальный материал, на основе которого создано исследование, впервые вводится в научный оборот. Представлены биографические сведения о деятелях, непосредственно участвовавших в проведении национальной политики. Книга предназначена для историков, политологов, работников администраций, преподавателей истории. Читатель найдет здесь уникальные документальные материалы, раскрывающие политические и социально-экономические предпосылки национальных конфликтов, возникших в Советском Союзе в 1980-х гг.
Language:Russian
Published: Москва, Московский дом национальностей, 2008
Subjects:
Format: Book
KOHA link:https://koha.lib.tpu.ru/cgi-bin/koha/opac-detail.pl?biblionumber=168403

MARC

LEADER 00000nam0a2200000 4500
001 168403
005 20231101222745.0
010 |a 9785924700656 
035 |a (RuTPU)RU\TPU\book\182715 
090 |a 168403 
100 |a 20091028d2008 k y0rusy50 ca 
101 0 |a rus 
102 |a RU 
105 |a a z 001zy 
200 1 |a Национальная политика Российской Федерации 1925-1938 гг.  |f В. Г. Чеботарева  |g Москва, Комитет межрегиональных связей и национальной политики ; Московский дом национальностей (МДН) ; Общественная академия наук российских немцев 
210 |a Москва  |c Московский дом национальностей  |d 2008 
215 |a 832 с.  |c ил. 
320 |a Библиогр. в примеч. 
330 |a В монографии доктора ист. наук, проф. В.Г. Чеботаревой на основе документов Государственного архива Российской Федерации, Российского архива социально-политической истории характеризуется деятельность ЦИК СССР, ВЦИК, Политбюро ЦК и обкомов ВКП(б) по реализации государственной национальной политики в Дагестанской, Татарской, Якутской и др. автономных республиках РФ. Особое внимание уделено немецкому народу Федерации: показаны проблемы и пути их решения в Республике немцев Поволжья, колониях Сибири, Крыма, Северного Кавказа, Центральной Азии. Документальный материал, на основе которого создано исследование, впервые вводится в научный оборот. Представлены биографические сведения о деятелях, непосредственно участвовавших в проведении национальной политики. Книга предназначена для историков, политологов, работников администраций, преподавателей истории. Читатель найдет здесь уникальные документальные материалы, раскрывающие политические и социально-экономические предпосылки национальных конфликтов, возникших в Советском Союзе в 1980-х гг. 
606 1 |a Национальная политика СССР  |x История  |z октябрь 1917-1939  |2 stltpush  |3 (RuTPU)RU\TPU\subj\66117  |9 82346 
610 1 |a 20 век 
610 1 |a Республика немцев Поволжья 
610 1 |a немцы 
610 1 |a Северный Кавказ 
610 1 |a Крымская АССР 
610 1 |a евреи 
610 1 |a антисемитизм 
610 1 |a Татарская АССР 
610 1 |a Западная Сибирь 
610 1 |a немецкие колонии 
610 1 |a эмиграция 
610 1 |a Казахская ССР 
610 1 |a Якутская АССР 
610 1 |a якуты 
610 1 |a Удмуртская ССР 
610 1 |a удмурты 
610 1 |a монографии 
686 |a Т3(2)61-3  |v LBC/SL-A  |2 rubbk 
700 1 |a Чеботарева  |b В. Г.  |g Валентина Георгиевна 
712 0 1 |a Москва  |b Комитет межрегиональных связей и национальной политики  |2 stltpush  |3 (RuTPU)RU\TPU\col\15227  |9 26111 
712 0 2 |a Московский дом национальностей (МДН)  |2 stltpush  |3 (RuTPU)RU\TPU\col\15228 
712 0 2 |a Общественная академия наук российских немцев  |2 stltpush  |3 (RuTPU)RU\TPU\col\8901  |9 24625 
801 1 |a RU  |b 63413507  |c 20091028 
801 2 |a RU  |b 63413507  |c 20150430  |g RCR 
942 |c BK